Statistics for Countries with 4 of 6 letters ABCDEF

Click here to take the quiz!

General Stats

  • This quiz has been taken 60 times
  • The average score is 8 of 15

Answer Stats

WORDS in country nameCountry% Correct
5Democratic Republic of the Congo
79%
4Republic of the Congo
74%
2Dominican Republic
70%
5Saint Vincent and the Grenadines
70%
1France
68%
3Central African Republic
66%
3United Arab Emirates
66%
3Bosnia and Herzegovina
55%
4Sao Tome and Principe
51%
2Cape Verde
49%
1Iceland
40%
1Bangladesh
38%
1Cambodia
36%
2North Macedonia
36%
1Ecuador
23%

Score Distribution

Percentile by Number Answered

Percent of People with Each Score

Your Score History

You have not taken this quiz